000 00528nam a2200217Ia 4500
003 OSt
005 20220928144447.0
006 a|||||r|||| 00| 0
007 ta
008 220927b |||||||| |||| 00| 0 eng d
024 _a70995
037 _cTextual
040 _aSDCL
_cSDCL
_beng
041 _2eng
_aeng
082 _aO-g(w), L8
100 _aAaron Daniel Ed.
_9507759
245 0 _aStudies in biography
260 _c1978
942 _hO-g(w), L8
_cTEXL
_2CC
999 _c827279
_d827279